Poetas de américa y otros ensayos /

Guardado en:
Autor Principal: Giusti, Roberto F.
Formato: Libro
Publicado: Argentina : Losada, 1956
Series:Bibl. Contempor nea
Materias:
Etiquetas: Agregar Etiqueta
Sin Etiquetas, Sea el primero en etiquetar este registro!
LEADER 00578nam a22001935a 4500
001 CEM.cems002935
005 19000101000000.0
008 130507s1956##################000#0#####d
003 CEMS
082 0 4 |a H864.1 
100 1 |a Giusti, Roberto F. 
245 1 0 |a Poetas de américa y otros ensayos /  |c Roberto F. Giusti 
260 |a Argentina :  |b Losada,  |c 1956 
300 |a 149 p. 
490 0 |a Bibl. Contempor nea 
653 |a Literatura 
653 |a Literatura hispanoamericana 
653 |a Poesia hispanoamericana-ensayo 
859 |a CEMS  |b BIB. CEMS - 11 de abril  |h H864.1  |i G449  |p 9069.81  |t Ej.1